L'Ajuntament Vell i Can Roc : dues històries /
Descripción Física:
85 pàgines : il·lustracions en blanc i negre ; 24 cm
Idioma:
Catalán
MARC
| LEADER | 00000nam a2200000 i 4500 | ||
|---|---|---|---|
| 001 | 29269 | ||
| 003 | AGDB | ||
| 005 | 20260324181545.0 | ||
| 008 | 260122e202508 spcado| ||||o0|0 0 cat| | ||
| 015 | |a LL2025 |2 bnc | ||
| 017 | |a B 12793-2023 |b Biblioteca de Catalunya | ||
| 245 | 0 | 0 | |a L'Ajuntament Vell i Can Roc : dues històries / |c Centre d'Estudis de Santa Coloma de Cervelló - Colònia Güell ; Topiarq Studio ; Labaula Arquitectes |
| 250 | |a Primera edició : |b octubre de 2025 | ||
| 264 | 1 | |a [Santa Coloma de Cervelló] : |b Ajuntament de Santa Coloma de Cervelló, |c 2025 | |
| 300 | |a 85 pàgines : |b il·lustracions en blanc i negre ; |c 24 cm | ||
| 336 | |a text |b txt |2 rdacontent | ||
| 651 | 0 | |a Santa Coloma de Cervelló (Catalunya) |x Història |2 lemac |9 53003 | |
| 908 | |a BC | ||
| 940 | |a BC | ||
| 942 | |2 udc |c ARXIU |n 1 | ||
| 952 | |0 0 |1 0 |2 udc |4 0 |6 BIB1408 |7 1 |9 99001 |a Arxiu |b Arxiu |d 2026-01-22 |l 0 |o Bib-1408 |p 29269 |r 2026-01-22 14:13:57 |w 2026-01-22 |y ARXIU | ||
| 999 | |c 130667 |d 130667 | ||